Assessing Real Estate Prices in Slovakia – a Structural Approach

Salvato in:
Dettagli Bibliografici
Autore principale: Cesnak, Martin, 1994-
Altri autori: Klacso, Ján
Natura: Capitolo di libro
Lingua:inglese
Tags: Aggiungi Tag
Nessun Tag, puoi essere il primo ad aggiungerne!!

MARC

LEADER 00000naa a2200000 4500
001 0311760
005 20250731082708.5
041 0 |a eng 
044 |a SK 
245 1 0 |a Assessing Real Estate Prices in Slovakia – a Structural Approach  |c Martin Cesnak, Ján Klacso 
100 1 |a Cesnak, Martin, 1994- 
700 1 |a Klacso, Ján